| 000 | 00927ngm a2200205 a 4500 | ||
|---|---|---|---|
| 001 | 000776397 | ||
| 003 | AM-YeHGA | ||
| 005 | 20250617143941.0 | ||
| 008 | 101206s1974 nnn ||rus d | ||
| 040 | _aAM-YeHGA | ||
| 041 | 0 | _arus | |
| 100 | 1 | _aЛавров, Александр Николаевич | |
| 245 | 1 | 0 |
_aАвтоматизированное управление в больших системах / _cА.Н. Лавров. |
| 260 |
_aЛенинград : _bЭнергия, _c1974. |
||
| 300 |
_a120 с. : _bил. |
||
| 440 | 0 |
_aБиблиотека по автоматике _nВып. 524 |
|
| 504 | _aБиблиогр. 27 назв. | ||
| 650 | 1 | 4 | _aОрганизация производства (производственного процесса). Производственное планирование. Конструирование. Контроль на производстве |
| 090 | _c286093 | ||
| 999 |
_c284431 _d284431 |
||